Plant systematics (Record no. 34357)

MARC details
000 -LEADER
fixed length control field 00419nam a2200157Ia 4500
082 ## - DEWEY DECIMAL CLASSIFICATION NUMBER
Classification number 582JON
Item number JON
100 ## - MAIN ENTRY--AUTHOR NAME
Personal name JONES, Samuel B
245 #0 - TITLE STATEMENT
Title Plant systematics
260 ## - PUBLICATION, DISTRIBUTION, ETC. (IMPRINT)
Place of publication New York
Name of publisher McGraw Hill
Year of publication 1979
490 ## - SERIES STATEMENT
Series statement McGraw Hill series in organismic biology
650 ## - SUBJECT ADDED ENTRY--TOPICAL TERM
Topical Term Angiosperm
650 ## - SUBJECT ADDED ENTRY--TOPICAL TERM
Topical Term Plant systematics
700 ## - ADDED ENTRY--PERSONAL NAME
Personal name LUCHSINGER, Arlene
942 ## - ADDED ENTRY ELEMENTS (KOHA)
Koha item type Books
Holdings
Withdrawn status Lost status Damaged status Not for loan Home library Current library Date acquired Full call number Accession Number Koha item type
        RRII Library RRII Library 16/12/2021 582JON JON 14796 Books